| 000 | 01274nam a2200301 a 4500 | ||
|---|---|---|---|
| 005 | 20180803170425.0 | ||
| 008 | 170925s2016 ck ad|||r|||| 00| 0 spa d | ||
| 020 | _a9789587222593 | ||
| 040 |
_aCO-BoIAVH _cCO-BoIAVH |
||
| 041 | 0 | _aspa | |
| 044 | _ack | ||
| 082 | 0 | 4 |
_a627.56 _bP22a |
| 100 | 1 |
_aParedes-Cuervo, Diego _eautor |
|
| 245 | 1 | 0 |
_aAlternativas para el manejo integral de aguas subterráneas en las zonas de expansión occidental de la ciudad de Pereira / _cDiego Paredes Cuervo [y otoros 3] |
| 260 |
_aPereira : _bEditorial de la Universidad Tecnológica de Pereira, _c2016. |
||
| 300 |
_a150 páginas : _bilustraciones, gráficas y tablas ; _c24 x 17 cm. |
||
| 490 | 0 | _aColección de trabajos de investigación | |
| 504 | _aIncluye referencias bibliográficas. | ||
| 650 | 2 | 6 | _aAguas subterráneas |
| 650 | 2 | 6 | _aRecursos hídricos |
| 650 | 2 | 6 | _aGestión ambiental |
| 650 | 2 | 6 |
_aGestión ambiental _xAnálisis del agua _zPereira (Risaralda, Colombia) |
| 650 | 2 | 6 |
_aHidrología _xAspectos ambientales |
| 700 | 1 |
_aLasso Rosero, Julián Enrique _eautor |
|
| 700 | 1 |
_aZuleta Lemus, Derly del Socorro _eautora |
|
| 700 | 1 |
_aGómez Benítez, Melissa Andrea _eautora |
|
| 942 |
_2ddc _cLIBRO |
||
| 999 |
_c19856 _d19856 |
||